00514nam a2200133Ia 4500008004100000100003100041245008100072245007700153260005300230260000900283300001200292650001500304856006100319170221s9999 xx 000 0 und d aAbdullah Waleed Almudallal aKnowledge Management in the Palestinian Higher Education: A Research Agenda  cAbdullah Waleed Almudallal, Syaharizatul Noorizwan Muktar, Norhani Bakri bInternational Review of Management and Marketing c2016 a15 : 21 xMarketing. uhttp://www.econjournals.com/index.php/irmm/issue/view/77